Mathematical methods of population biology

Guardado en:
Detalles Bibliográficos
Autor principal: Hoppensteadt, Frank C (Autor)
Formato: Libro
Lenguaje:inglés
Publicado: Nueva York Cambridge University Press 1982
Edición:1a. ed
Colección:Cambridge Studies in Mathematical Biology, 4
Materias:
Etiquetas: Agregar Etiqueta
Sin Etiquetas, Sea el primero en etiquetar este registro!

MARC

LEADER 00000cam a2200000 a 4500
001 UCF4141
003 CL-VaPUC
008 121122e19820000US |||||||||||||||||eng|d
020 |a 052128256X 
082 0 4 |a 570.15195  |b HOP  |2 21 
100 0 |a Hoppensteadt, Frank C  |e author  |9 565756 
245 1 0 |a Mathematical methods of population biology 
250 |a 1a. ed 
300 |a 149 p 
942 |c BK 
945 |d 20121122 00:00:00  |a dcastane 
260 |a Nueva York  |b Cambridge University Press  |c 1982 
650 7 |a BIOMATEMATICAS  |2 CL-VaPUC  |9 260148 
650 7 |a POBLACION BIOLOGICA  |2 CL-VaPUC  |9 379901 
650 0 |a Modelos lineales  |9 270494 
650 0 |a Sistemas dinámicos   |9 260496 
583 |a last modification  |c 20121122 14:17:00  |k Rodrigo Vera 
490 0 |a Cambridge Studies in Mathematical Biology, 4 
999 |c 350084  |d 350082 
952 |0 0  |1 0  |4 0  |6 570_151950000000000_HOP_1982  |7 0  |8 A  |9 453109  |a BIBMAT  |b BIBMAT  |d 2019-11-22  |i 4918134  |o 570.15195 HOP 1982  |p 4918134  |r 2025-01-07  |w 2019-11-22  |y BK  |k MAT